000 00290nam a22001097a 4500
999 _c23152
_d23152
005 20220308133907.0
008 220308b ||||| |||| 00| 0 eng d
020 _a9788099924056
040 _crda
245 _aMali by sme sa všetci stravovať vegánsky?
260 _aBratislava
_bEgreš
_c2021